First Papers

Spremljeno u:
Bibliografski detalji
Glavni autor: Hobson, Laura Z.
Format: Knjiga
Jezik:Undetermined
Izdano: New York, Estados Unidos Random House 1964
Teme:
Oznake: Dodaj oznaku
Bez oznaka, Budi prvi tko označuje ovaj zapis!

MARC

LEADER 00000nam a2200000Ia 4500
008 170316s9999 xx 000 0 und d
040 |a cru BVZT 
090 |a 810 H-23f 
100 |a Hobson, Laura Z. 
245 |a First Papers 
260 |a New York, Estados Unidos 
260 |b Random House 
260 |c 1964 
300 |a 502 páginas 
650 |a LITERATURA ESTADOUNIDENSE 
999 |c 5740  |d 5740 
942 |c 15 D  |h 810 H-23f  |2 z